01391nab a22002657a 4500999001500000003000400015005001700019008004100036040000700077100002800084245010700112260007300219300001500292500003800307505025500345505013700600505008200737650002300819650002400842650003000866650003200896650002900928773015500957942001301112 c5560d5560OSt20251218082310.0190429b xxu||||| |||| 00| 0 spa d cPJ 94453aLlera, Carlos E. 10a"Casación horizontal" y las sentencias de los Superiores Tribunales de Provincia /cCarlos E. Llera. cCiudad Autónoma de Buenos Aires :aThomson Reuters La Ley, b2025. ap. 122-123 aCita: TR LALEY AR/DOC/409/2025  aSumario: I. Planteo del tema.— II. Revisión amplia de la primera sentencia condenatoria.— III. Consolidación de la casación horizontal.— IV. Aplicación de la doctrina a las sentencias dictadas por los Superiores Tribunales de Provincia. aFallo comentado: CS ~ 28/05/2024 ~ Maidana, Karina de Lourdes y otros s/ sup/ robo calificado —capital— expte N.º 8768 C.C.1. tSi te interesa el texto completo, solicitalo a koha@justierradelfuego.gov.ar  09343aDERECHO PENAL 092348aPROCESO PENAL 092109aCAMARAS DE CASACION 096031aSENTENCIA ABSOLUTORIA 095972aDERECHO AL RECURSO0 0265893164tRevista de derecho penal y criminología. Nº 3 - Abril 2025dCiudad Autónoma de Buenos Aires : Thomson Reuters La Ley, 2017-x00347914 2udccANA